1810 1285 1206 1423 1290 1334 1284 1779 1189 1637 1205 1972 1228 1715 1710 1440 1143 1693 1053 1177 1687 1184 1083 1944 1968 1677 1649 1406 1790 1364 1291 1017 1530 1785 1827 1927 1472 1485 1074 1829 1009 1215 1153 1534 1741 1442 1703 1467 1170 1815 1213 1510 1852 1241 1424 1969 1575 1091 1804 1671 1523 1577 1572 1457 1296 1739 1013 1195 1244 1792 1506 1102 1943 1809 1819 1291 1593 1568 1914 1907 1298 1720 1895 1176 1351 1808 1729 1939 1104 1418 1227 1265 1578 1986 1859 1700 1537 1467 1334 BCNSPRNW ULIB Ver.6.0+V

เปลี่ยนเป็นภาษาไทย

Change to English
 แสดงรายละเอียดบรรณานุกรม
  กลับหน้าหลัก

Brief Record : Get Marc (ISO 2709) : E-mail record : QR code < ปิดหน้าต่าง
LEADER : 00000nam 2200000uu 4500
001    13399121127
003     ULIB
008    121106s2552||||th 000 0 tha d
050  4 ^aLB1060^bม161ก 2552
100 0  ^aมลสิช สิทธิสมบูรณ์
245 10 ^aการเขียนแผนการจัดการเรียนรู้ที่เน้นผู้เรียนเป็นสำคัญ /^cมลสิช สิทธิสมบูรณ์
260    ^aพิษณุโลก :^bคณะศึกษาศาสตร์ มหาวิทยาลัยนเรศวร,^c2552
300    ^a102 หน้า
650  7 ^aการเขียนแผนการสอน
650  7 ^aแผนการจัดการเรียนรู้
945    ^p143^l0^i16635
995    ^aกัณชพร
999 ^a กัณชพร
รายการนี้ยังไม่มีแท็ก
คุณยังไม่ได้ล็อกอิน คุณสามารถมีกิจกรรมร่วมกับเว็บไซต์ได้ แต่ต้องล็อกอินก่อน ::
  ล็อกอิน

รายการสื่อสารสนเทศ

ลำดับที่ ประเภท เลขเรียก/บาร์โค้ด สถานที่ สถานะ
1. วิทยาศาสตร์การแพทย์ และสุขภาพ
วิทยาศาสตร์การแพทย์ และสุขภาพ
LB1060 ม161ก 2552  
  Barcode: 16635
ห้องสมุดวิทยาเขตสวรรค์ประชารักษ์
►หนังสือทั่วไป
บนชั้น

รายการใกล้เคียง
    ผู้แต่ง [มลสิช สิทธิสมบูรณ์]

    หัวเรื่อง [การเขียนแผนการสอน]
    หัวเรื่อง [แผนการจัดการเรียนรู้]

BibComment


ยังไม่เคยถูกคอมเมนท์

คอมเมนท์ทรัพยากรรายการนี้
  คอมเมนท์: การเขียนแผนการจั..


 Copyright 2026. Bcnsprnw @Library